| 000 | 00563nam a2200169Ia 4500 | ||
|---|---|---|---|
| 008 | 131103s9999 xx 000 0 und d | ||
| 020 |
_a81-7361-092-4 _cRs. 280 |
||
| 040 | _aLoreto College | ||
| 041 | _aEnglish | ||
| 245 |
_aWater resources assessment. Terai region of West Bengal _cDr. N.K. Kundu, Gerard N.A. Soppe |
||
| 260 |
_aNew Delhi _bJawahar Publishers and Distributors _c2002 |
||
| 300 | _aiv,150p., tables, charts, illus 25.5 cm. | ||
| 504 | _aIncludes glossary and index | ||
| 650 | _aWater Resources | ||
| 700 | _aKundu, N., auth | ||
| 942 | _cBK | ||
| 999 |
_c2120 _d52599 |
||